Countries With the Most Foreign Players in the Australian A-League - Statistics

General Stats
  • This quiz has been taken 39 times
  • The average score is 17 of 28
Answer Stats
No. of Players Answer % Correct
49 England
91%
9 France
85%
4 United States
85%
17 Germany
82%
39 Spain
82%
11 Italy
79%
15 Argentina
76%
15 Ireland
76%
4 Belgium
73%
42 Brazil
73%
5 Portugal
73%
19 Scotland
73%
8 China
70%
22 Japan
70%
32 Netherlands
70%
13 South Korea
70%
16 Serbia
64%
9 Croatia
61%
5 Austria
58%
6 Poland
58%
8 Switzerland
58%
6 Uruguay
55%
4 Northern Ireland
39%
5 Slovenia
39%
7 Costa Rica
27%
4 Senegal
24%
4 South Sudan
12%
5 Curacao
9%
No matching quizzes found
Score Distribution
Percent of People with Each Score
Percentile by Number Answered
Your Score History
You have not taken this quiz